<?xml version="1.0" encoding="UTF-8"?><?xml-stylesheet type="text/xsl" href="static/style.xsl"?><OAI-PMH xmlns="http://www.openarchives.org/OAI/2.0/" xmlns:xsi="http://www.w3.org/2001/XMLSchema-instance" xsi:schemaLocation="http://www.openarchives.org/OAI/2.0/ http://www.openarchives.org/OAI/2.0/OAI-PMH.xsd"><responseDate>2026-04-14T15:31:30Z</responseDate><request verb="GetRecord" identifier="oai:uvadoc.uva.es:10324/52688" metadataPrefix="marc">https://uvadoc.uva.es/oai/request</request><GetRecord><record><header><identifier>oai:uvadoc.uva.es:10324/52688</identifier><datestamp>2022-04-07T10:49:47Z</datestamp><setSpec>com_10324_38</setSpec><setSpec>col_10324_787</setSpec></header><metadata><record xmlns="http://www.loc.gov/MARC21/slim" xmlns:doc="http://www.lyncode.com/xoai" xmlns:xsi="http://www.w3.org/2001/XMLSchema-instance" xmlns:dcterms="http://purl.org/dc/terms/" xsi:schemaLocation="http://www.loc.gov/MARC21/slim http://www.loc.gov/standards/marcxml/schema/MARC21slim.xsd">
<leader>00925njm 22002777a 4500</leader>
<datafield tag="042" ind1=" " ind2=" ">
<subfield code="a">dc</subfield>
</datafield>
<datafield tag="720" ind1=" " ind2=" ">
<subfield code="a">Rodríguez Morales, Emiliano</subfield>
<subfield code="e">author</subfield>
</datafield>
<datafield tag="260" ind1=" " ind2=" ">
<subfield code="c">2021</subfield>
</datafield>
<datafield tag="520" ind1=" " ind2=" ">
<subfield code="a">A mediados del siglo XX se emprende en Uruguay una colonización del territorio sin precedentes. Villa Serrana configura un ejemplo excepcional dentro de los poblados fundados en este período que se adentra en el Uruguay vacío del paisaje serrano. Proyectada en 1946 por el arquitecto Julio Vilamajó (1894 -1948) representa una simbiosis única entre arquitectura y paisaje. La investigación busca desentrañar la importancia de esta intervención en la concepción paisajística contemporánea, atendiendo a la particular situación coyuntural que la posibilitó, la visión del arquitecto moderno Vilamajó, y su influencia en las obras llevadas a cabo por estudios contemporáneos en dicho territorio.</subfield>
</datafield>
<datafield tag="024" ind2=" " ind1="8">
<subfield code="a">https://uvadoc.uva.es/handle/10324/52688</subfield>
</datafield>
<datafield ind1=" " ind2=" " tag="653">
<subfield code="a">Vilamajó, Julio (1894 -1948). Villa Serrana</subfield>
</datafield>
<datafield ind1=" " ind2=" " tag="653">
<subfield code="a">Arquitectura del paisaje - Uruguay - Siglo XX</subfield>
</datafield>
<datafield tag="245" ind1="0" ind2="0">
<subfield code="a">Villa Serrana. Concepción y vigencia de un paisaje lejano.</subfield>
</datafield>
</record></metadata></record></GetRecord></OAI-PMH>